Физическое осаждение карбоната натрия в технологическом процессе получения вольфрамсодержащей продукции; Физико-технические проблемы в науке, промышленности и медицине

Bibliografiske detaljer
Parent link:Физико-технические проблемы в науке, промышленности и медицине.— 2016.— [С. 131]
Institution som forfatter: Национальный исследовательский Томский политехнический университет (ТПУ) Физико-технический институт (ФТИ) Кафедра химической технологии редких, рассеянных и радиоактивных элементов (№ 43) (ХТРЭ)
Andre forfattere: Гартман А. Ю. Алена Юрьевна, Передерин Ю. В. Юрий Владимирович, Крайденко Р. И. Роман Иванович, Дьяченко А. Н. Александр Николаевич
Summary:Заглавие с экрана
Sprog:russisk
Udgivet: 2016
Serier:Физико-химические и изотопные технологии в науке, промышленности и медицине
Fag:
Online adgang:http://earchive.tpu.ru/handle/11683/31252
Format: MixedMaterials Electronisk Book Chapter
KOHA link:https://koha.lib.tpu.ru/cgi-bin/koha/opac-detail.pl?biblionumber=619209

MARC

LEADER 00000naa2a2200000 4500
001 619209
005 20250826113517.0
035 |a (RuTPU)RU\TPU\conf\17613 
035 |a RU\TPU\conf\17611 
090 |a 619209 
100 |a 20160812d2016 k y0rusy50 ca 
101 0 |a rus 
102 |a RU 
135 |a drgn ---uucaa 
181 0 |a i  
182 0 |a b 
200 1 |a Физическое осаждение карбоната натрия в технологическом процессе получения вольфрамсодержащей продукции  |f А. Ю. Гартман [и др.] 
203 |a Текст  |c электронный 
225 1 |a Физико-химические и изотопные технологии в науке, промышленности и медицине 
300 |a Заглавие с экрана 
320 |a [Библиогр.: с. 131 (1 назв.)] 
463 1 |0 (RuTPU)RU\TPU\conf\17455  |t Физико-технические проблемы в науке, промышленности и медицине  |o сборник тезисов докладов VIII Международной научно-практической конференции, г. Томск, 1-3 июня 2016 г.  |f Национальный исследовательский Томский политехнический университет (ТПУ) ; под ред. О. Ю. Долматова [и др.]  |v [С. 131]  |d 2016 
610 1 |a труды учёных ТПУ 
610 1 |a электронный ресурс 
610 1 |a физическое осаждение 
610 1 |a карбонат натрия 
610 1 |a технологические процессы 
610 1 |a вольфрамсодержащие продукты 
701 1 |a Гартман  |b А. Ю.  |c химик-технолог  |c лаборант Томского политехнического университета  |f 1993-  |g Алена Юрьевна  |3 (RuTPU)RU\TPU\pers\37044  |9 20059 
701 1 |a Передерин  |b Ю. В.  |c химик-технолог  |c доцент Томского политехнического университета, кандидат технических наук  |f 1980-  |g Юрий Владимирович  |3 (RuTPU)RU\TPU\pers\36361  |9 19432 
701 1 |a Крайденко  |b Р. И.  |c химик-технолог  |c доцент Томского политехнического университета, старший научный сотрудник, кандидат химических наук  |f 1983-  |g Роман Иванович  |3 (RuTPU)RU\TPU\pers\26383  |9 12105 
701 1 |a Дьяченко  |b А. Н.  |c химик-технолог  |c профессор Томского политехнического университета, доктор технических наук  |f 1977-  |g Александр Николаевич  |3 (RuTPU)RU\TPU\pers\27691  |9 12765 
712 0 2 |a Национальный исследовательский Томский политехнический университет (ТПУ)  |b Физико-технический институт (ФТИ)  |b Кафедра химической технологии редких, рассеянных и радиоактивных элементов (№ 43) (ХТРЭ)  |3 (RuTPU)RU\TPU\col\18733 
801 2 |a RU  |b 63413507  |c 20160826  |g RCR 
856 4 |u http://earchive.tpu.ru/handle/11683/31252 
942 |c CF